| 000 | 00410nam a2200121Ia 4500 | ||
|---|---|---|---|
| 008 | 170221s9999 xx 000 0 und d | ||
| 245 | _aIntentions Across Gender Lines? the Mediating Role of Spectator Satisfaction | ||
| 260 | _bInternational Journal of Management and Marketing Reseach | ||
| 260 | _c2012 | ||
| 300 | _a: | ||
| 650 | _xMarketing. | ||
| 856 | _uhttp://www.theibfr.com/ARCHIVE/IJMMR-V9N2-2016.pdf | ||
| 999 |
_c314020 _d314020 |
||